000 01192nam a2200265 4500
001 174482
003 ES-MaACL
005 20240122153941.0
008 100428s1976 sp a |||| |dspa d
017 _aM 28819-1976
080 _a75 Hernández, Miguel
245 0 0 _aMiguel Hernández (1893-1957)
_b: [exposición] Salas de Exposiciones de la Dirección General del Patrimonio Artístico y Cultural, Madrid- octubre, 1976.
260 _aMadrid :
_bDirección General del Patrimonio Artístico y Cultural :
_bComisaría Nacional de Museos y Extensión Cultural,
_c1976.
300 _a43 p :
_bil. ;
_c25 cm.
490 1 _aPublicación del Patronato Nacional de Museos
600 1 7 _aHernández, Miguel,
_d1893-1957-
_vExposiciones
_2
_9142619
655 7 _2tgfbne
_9193628
_aCatálogos de exposiciones
700 1 _aHernández, Miguel,
_d1893-1957
_9142618
710 1 _aEspaña.
_bDirección General del Patrimonio Artístico y Cultural.
_93790
710 1 _aEspaña.
_bComisaría Nacional de Museos y Extensión Cultural.
_9142617
830 0 _aPublicación del Patronato Nacional de Museos
_9189429
852 4 _a BA
_jC-57179
942 _2udc
999 _c174482
_d174482